[Event "Kigali Olympiad Qual"]
[Site "Kigali"]
[Date "2022.05.28"]
[Round "4"]
[White "Nduwayesu, Maranatha"]
[Black "Murenzi, Hassan"]
[Result "1-0"]
[WhiteElo "1829"]
[BlackElo "1585"]
[PlyCount "51"]
[EventDate "2022.05.27"]
[EventType "tourn"]
[EventRounds "9"]
[EventCountry "RWA"]
[SourceTitle "CBM 208 Extra"]
[Source "ChessBase"]
[SourceDate "2022.07.31"]
[SourceVersion "1"]
[SourceVersionDate "2022.07.31"]
[SourceQuality "1"]

1. e4 c5 2. Nc3 e6 3. g3 Nc6 4. Bg2 Bd6 5. Nf3 Nge7 6. Qe2 a6 7. a4 Ng6 8. d3 Bc7 9. Be3 b6 10. h4 e5 11. Nd5 d6 12. c3 Bg4 13. h5 Nge7 14. Rh4 Bxf3 15. Qxf3 Nxd5 16. exd5 Ne7 17. Rg4 g6 18. Qf6 0-0 19. hxg6 fxg6 20. Qe6+ Rf7 21. Ke2 Kg7 22. Rh1 h5 23. Rxh5 Qc8 24. Rh7+ Kxh7 25. Qxf7+ Kh8 26. Rh4# 1-0

[Event "Kigali Olympiad Qual"]
[Site "Kigali"]
[Date "2022.05.27"]
[Round "2"]
[White "Nduwayesu, Maranatha"]
[Black "Zimurinda, Ben Tom"]
[Result "1-0"]
[WhiteElo "1829"]
[BlackElo "1725"]
[PlyCount "45"]
[EventDate "2022.05.27"]
[EventType "tourn"]
[EventRounds "9"]
[EventCountry "RWA"]
[SourceTitle "CBM 208 Extra"]
[Source "ChessBase"]
[SourceDate "2022.07.31"]
[SourceVersion "1"]
[SourceVersionDate "2022.07.31"]
[SourceQuality "1"]

1. e4 e6 2. d4 d5 3. exd5 exd5 4. Nf3 Nf6 5. Be2 Bd6 6. Bg5 Be6 7. Nbd2 Nbd7 8. b3 c5 9. 0-0 Qc7 10. c4 cxd4 11. Re1 0-0-0 12. h3 Bc5 13. Rc1 Qd6 14. Bh4 Qf4 15. Bg3 Qf5 16. Nh4 Qg5 17. Ndf3 Qh6 18. Nxd4 Ne4 19. Kh2 Nxg3 20. fxg3 Bd6 21. Ndf5 Bxg3+ 22. Nxg3 Qxh4 23. cxd5+ 1-0

[Event "Online Olym Div4 B"]
[Site "Chess.com INT"]
[Date "2021.08.22"]
[Round "11.6"]
[White "Matola, Ernest"]
[Black "Nduwayesu, Maranatha"]
[Result "1-0"]
[WhiteElo "1950"]
[BlackElo "1829"]
[PlyCount "95"]
[EventDate "2021.08.20"]
[EventType "team (rapid)"]
[EventRounds "11"]
[EventCountry "USA"]
[SourceTitle "CBM 203 Extra"]
[Source "ChessBase"]
[SourceDate "2021.09.30"]
[SourceVersion "1"]
[SourceVersionDate "2021.09.30"]
[SourceQuality "1"]
[WhiteTeam "Malawi"]
[BlackTeam "Rwanda"]
[WhiteTeamCountry "MWI"]
[BlackTeamCountry "RWA"]

1. e4 e5 2. d3 Nc6 3. Nf3 f5 4. exf5 Nf6 5. g3 d5 6. Nh4 Be7 7. c3 0-0 8. Bg5 Qe8 9. Bg2 h6 10. Bxf6 Bxf6 11. Bxd5+ Kh7 12. Ng6 Bxf5 13. Nxf8+ Qxf8 14. g4 Bg6 15. Qf3 Qd6 16. Nd2 Rf8 17. Ne4 Qe7 18. Nxf6+ Rxf6 19. Qe2 Qd6 20. Be4 Bxe4 21. Qxe4+ Kh8 22. h3 Rf4 23. Qe3 Qf8 24. Ke2 a5 25. f3 Qd6 26. Rad1 a4 27. Kf2 Rf8 28. Rhe1 Qf6 29. Kg2 Qh4 30. d4 h5 31. dxe5 hxg4 32. hxg4 Kg8 33. e6 Ne7 34. Rh1 Qf6 35. Qe4 Ng6 36. Kg3 Re8 37. Qf5 Qxe6 38. Qxe6+ Rxe6 39. Rhe1 Rb6 40. Rd2 Kf7 41. Ree2 Nf8 42. f4 Rc6 43. a3 g6 44. Rd4 b5 45. Re5 Rb6 46. f5 g5 47. Rc5 c6 48. Rd6 1-0

[Event "Online Olym Div4 B"]
[Site "Chess.com INT"]
[Date "2020.08.02"]
[Round "8.3"]
[White "Nduwayesu, Maranatha"]
[Black "Paiva, Donaldo"]
[Result "0-1"]
[WhiteElo "1829"]
[BlackElo "2230"]
[PlyCount "68"]
[EventDate "2020.07.31"]
[EventType "team-tourn (rapid)"]
[EventRounds "9"]
[EventCountry "USA"]
[SourceTitle "CBM 198"]
[Source "ChessBase"]
[SourceDate "2020.10.31"]
[SourceVersion "1"]
[SourceVersionDate "2020.10.31"]
[SourceQuality "1"]
[WhiteTeam "Rwanda"]
[BlackTeam "Mozambique"]
[WhiteTeamCountry "RWA"]
[BlackTeamCountry "MOZ"]

1. e4 c5 2. d3 Nc6 3. Nd2 g6 4. g3 Bg7 5. Bg2 e6 6. f4 Nge7 7. Ngf3 d6 8. 0-0 b5 9. c3 Rb8 10. h3 b4 11. Qc2 bxc3 12. bxc3 0-0 13. Bb2 Ba6 14. Rfd1 Qa5 15. Nb3 Qa4 16. c4 f6 17. Bc3 Rb6 18. Qd2 Bh6 19. h4 e5 20. Bh3 Bc8 21. Kh2 f5 22. Ng5 Nd4 23. Bxd4 exd4 24. exf5 Bxg5 25. hxg5 Nxf5 26. Bxf5 Bxf5 27. Qe2 Qd7 28. Re1 Rbb8 29. Qf3 Rfe8 30. Qd5+ Kg7 31. Rad1 Re7 32. Qh1 Rbe8 33. Qg1 Re2+ 34. Kh1 Qb7+ 0-1

[Event "Online Olym Div4 B"]
[Site "Chess.com INT"]
[Date "2020.08.01"]
[Round "5.2"]
[White "Wanyama, Harold"]
[Black "Nduwayesu, Maranatha"]
[Result "1-0"]
[WhiteElo "2312"]
[BlackElo "1829"]
[PlyCount "53"]
[EventDate "2020.07.31"]
[EventType "team-tourn (rapid)"]
[EventRounds "9"]
[EventCountry "USA"]
[SourceTitle "CBM 198"]
[Source "ChessBase"]
[SourceDate "2020.10.31"]
[SourceVersion "1"]
[SourceVersionDate "2020.10.31"]
[SourceQuality "1"]
[WhiteTeam "Uganda"]
[BlackTeam "Rwanda"]
[WhiteTeamCountry "UGA"]
[BlackTeamCountry "RWA"]

1. d4 c6 2. c4 d5 3. Nc3 Nf6 4. Nf3 e6 5. e3 Nbd7 6. Qc2 dxc4 7. Bxc4 Bb4 8. a3 Ba5 9. e4 0-0 10. 0-0 Bc7 11. e5 Nd5 12. Ng5 g6 13. Nce4 c5 14. Bxd5 exd5 15. Nxc5 Nxc5 16. Qxc5 Bb6 17. Qc3 Bf5 18. Qe3 Re8 19. Nf3 f6 20. Qh6 fxe5 21. dxe5 Be4 22. Bg5 Qd7 23. Bf6 Bd8 24. Ng5 Bf5 25. Rad1 Bxf6 26. exf6 Be6 27. Rfe1 1-0

[Event "Online Olym Div4 B"]
[Site "Chess.com INT"]
[Date "2020.07.31"]
[Round "3.1"]
[White "Nduwayesu, Maranatha"]
[Black "Beukes, Dante M"]
[Result "0-1"]
[WhiteElo "1829"]
[BlackElo "2206"]
[PlyCount "92"]
[EventDate "2020.07.31"]
[EventType "team-tourn (rapid)"]
[EventRounds "9"]
[EventCountry "USA"]
[SourceTitle "CBM 198"]
[Source "ChessBase"]
[SourceDate "2020.10.31"]
[SourceVersion "1"]
[SourceVersionDate "2020.10.31"]
[SourceQuality "1"]
[WhiteTeam "Rwanda"]
[BlackTeam "Namibia"]
[WhiteTeamCountry "RWA"]
[BlackTeamCountry "NAM"]

1. e4 c5 2. d3 Nc6 3. Nd2 g6 4. g3 Bg7 5. Bg2 e5 6. Ngf3 Nge7 7. 0-0 0-0 8. Re1 d6 9. c3 h6 10. Nf1 Be6 11. Be3 b6 12. Qd2 Kh7 13. d4 Bg4 14. dxe5 dxe5 15. Qc2 Qc7 16. h3 Be6 17. N1h2 Rad8 18. b3 Qc8 19. h4 Ng8 20. Nd2 Nf6 21. f4 Nh5 22. f5 gxf5 23. exf5 Bxf5 24. Qd1 Nf6 25. Qf3 Ne7 26. Nc4 Ng4 27. Nxg4 Bxg4 28. Qe4+ Bf5 29. Qf3 Bg4 30. Qf2 f5 31. Qc2 Nd5 32. Bf2 e4 33. Ne3 Nxe3 34. Bxe3 Rd3 35. Rac1 Rxc3 36. Qf2 Rd3 37. Qf4 Qb8 38. Qf2 Rxe3 39. Rxe3 Bd4 40. Kh2 Bxe3 41. Qxe3 Qe5 42. Rf1 Rd8 43. Rf4 Rd3 44. Qe1 Rd1 45. Qf2 Qd4 46. Qc2 Qg1# 0-1